Music Quiz

Random Music or Album Quiz

Top 50 albums, accroding to channel 4 Quiz Stats

 Plays Quiz not verified by Sporcle

Score 0/50 Timer 08:00
0 Plays Today
Band Album % Correct
Michael Jackson Thriller
86.6%
NirvanaNevermind
83.5%
U2The Joshua
77.3%
Pink FloydDark Side of the Moon
75.3%
The beatlesThe Beatles (White Album)
71.1%
RadioheadOK Computer
71.1%
The beatlesRevolver
69.1%
The ClashLondon Calling
62.9%
John LenonImagine
58.8%
Bruce SpringsteenBorn to Run
54.6%
Guns n' RosesAppetite for Destruction
53.6%
RadioheadThe Bends
51.5%
The Beach Boys Pet Sounds
50.5%
Led ZeppelinLed Zeppelin IV
50.5%
Simon and GarfunkelBridge Over Troubled Water
49.5%
Jimi HendrixAre You Experienced
48.5%
The White StipesElephant
47.4%
The Rolling StonesExile On Main Street
46.4%
Sex PistolsNever Mind the Bollocks, Here's the Sex Pistols
46.4%
Alanis Morisette Jagged Little Pill
46.4%
Velvet UndergroundThe Velvet Underground and Nico
45.4%
The DoorsThe Doors
45.4%
QueenA Night at the Opera
45.4%
The Stone RosesThe Stone Roses
43.3%
The Rolling StonesLet it Bleed
42.3%
Band Album % Correct
Dire StraitsBrothers in arms
40.2%
R.E.MAutomatic for the People
40.2%
Black SabbathParanoid
39.2%
Michael JacksonOff the Wall
39.2%
The Smiths The Queen Is Dead
39.2%
BlurParklife
38.1%
ColdplayParachutes
38.1%
PixiesDoolittle
33%
The LibertinesThe libertines
32%
The ProdigyThe Fat of the Land
32%
VerveUrban Hymns
29.9%
Oasis (what's the story) Morning Glory?
29.9%
The SpecialsSpecials
28.9%
Duran DuranRio
27.8%
Madonna Like a Prayer
27.8%
Joy DivisionCloser
24.7%
BjorkDebut
23.7%
David BowieThe Rise and Fall of Ziggy Stardust and the Spiders From Mars
22.7%
Bob Marley and the WailersExodus
20.6%
Aretha FranklinI never loved a man the way i love you
11.3%
Frank SinatraSongs for Swingin Lovers
11.3%
The BeatlesAgt. Pepper's Lonely Hears Club Band
9.3%
Billie Holiday Lady Sings the Blues
7.2%
ABBAArrival
6.2%
OasisDesinitely Maybe
4.1%

You're not logged in!

Compare scores with friends on all Sporcle quizzes.
OR
Log In

Show Comments

Extras

Top Quizzes Today


Score Distribution

Your Account Isn't Verified!

In order to create a playlist on Sporcle, you need to verify the email address you used during registration. Go to your Sporcle Settings to finish the process.

Report this User

Report this user for behavior that violates our Community Guidelines.

Details: